[Event "Titled Tuesday intern op 13th Feb Early"]
[Site "Chess.com INT"]
[Date "2024.02.13"]
[Round "6"]
[White "Ozkan, Ervin"]
[Black "Subramanian, Anusha"]
[Result "1-0"]
[WhiteElo "2147"]
[BlackElo "2013"]
[PlyCount "55"]
[EventDate "2024.02.13"]
[EventType "swiss (blitz)"]
[EventRounds "11"]
[EventCountry "USA"]
[SourceTitle "CB08_2024"]
[SourceDate "2024.02.21"]
[SourceVersion "1"]
[SourceVersionDate "2024.02.21"]
[SourceQuality "1"]

1. d4 Nf6 2. Bf4 d5 3. e3 c5 4. Nf3 e6 5. c3 Nc6 6. Nbd2 Bd6 7. Bg3 0-0 8. Bd3 b6 9. e4 dxe4 10. Nxe4 Nxe4 11. Bxe4 Bb7 12. Qa4 Qc7 13. dxc5 bxc5 14. Bxh7+ Kxh7 15. Qh4+ Kg6 16. Qg5+ Kh7 17. Qh5+ Kg8 18. Ng5 Rfc8 19. Rd1 Be5 20. f4 Bxf4 21. 0-0 e5 22. Bxf4 exf4 23. Qh7+ Kf8 24. Qh8+ Ke7 25. Qxg7 Rf8 26. Rfe1+ Ne5 27. Rxe5+ Qxe5 28. Qxe5# 1-0

[Event "Titled Tuesday intern op 16th Jan Early"]
[Site "Chess.com INT"]
[Date "2024.01.16"]
[Round "4"]
[White "Ozkan, Ervin"]
[Black "Tulchynskyi, Feliks"]
[Result "1-0"]
[WhiteElo "2147"]
[BlackElo "2285"]
[PlyCount "95"]
[EventDate "2024.01.16"]
[EventType "swiss (blitz)"]
[EventRounds "11"]
[EventCountry "USA"]
[SourceTitle "CB04_2024"]
[SourceDate "2023.10.16"]
[SourceVersion "1"]
[SourceVersionDate "2023.10.16"]
[SourceQuality "1"]

1. d4 Nf6 2. Bf4 e6 3. e3 d5 4. Nf3 Bd6 5. Nbd2 0-0 6. Bd3 c5 7. dxc5 Bxf4 8. exf4 Qc7 9. g3 Qxc5 10. 0-0 Nc6 11. a3 b6 12. Rc1 Bb7 13. Qe2 Rac8 14. Nb3 Qe7 15. Rfe1 Rfe8 16. c3 Rcd8 17. Bb5 Qc7 18. Ne5 Re7 19. Nd4 Nxe5 20. fxe5 Ne4 21. f3 Nc5 22. b4 Nd7 23. Bd3 Nb8 24. f4 g6 25. Nb5 Qd7 26. Nd6 Bc6 27. h4 Qc7 28. h5 Nd7 29. hxg6 hxg6 30. c4 Qb8 31. cxd5 Bxd5 32. Be4 Bxe4 33. Qxe4 Nf8 34. Rc6 Rc7 35. Rec1 Rdd7 36. Kf2 Rxc6 37. Qxc6 g5 38. Qc8 Qxc8 39. Rxc8 gxf4 40. gxf4 a5 41. b5 f5 42. Rc6 Kg7 43. Rxb6 Ng6 44. Ke3 Ne7 45. Ra6 Nd5+ 46. Kf3 Kf8 47. b6 Ke7 48. b7 1-0

[Event "Cesme op-A 9th"]
[Site "Cesme"]
[Date "2023.06.24"]
[Round "8"]
[White "Rzayev, Bahruz Iqbal Oglu"]
[Black "Ozkan, Ervin"]
[Result "1-0"]
[WhiteElo "2330"]
[BlackElo "2179"]
[PlyCount "111"]
[EventDate "2023.06.19"]
[EventType "swiss"]
[EventRounds "9"]
[EventCountry "TUR"]
[SourceTitle "CBM 214 Extra"]
[Source "ChessBase"]
[SourceDate "2023.07.31"]
[SourceVersion "1"]
[SourceVersionDate "2023.07.31"]
[SourceQuality "1"]

1. d4 d5 2. c4 c6 3. Nf3 Nf6 4. Nc3 e6 5. Bg5 h6 6. Bxf6 Qxf6 7. Qb3 Nd7 8. e4 dxe4 9. Nxe4 Qf4 10. Bd3 Nf6 11. Nxf6+ Qxf6 12. 0-0 Bd6 13. Rae1 0-0 14. c5 Bc7 15. Ne5 Rd8 16. Re4 Rxd4 17. Rxd4 Qxe5 18. Rh4 Qxc5 19. Bb1 Qg5 20. g3 e5 21. Re1 Qf6 22. Qd3 g6 23. Rxh6 Bb6 24. Qf1 Be6 25. b3 Rd8 26. Rh4 g5 27. Rhe4 Bd4 28. R4e2 Bg4 29. Rd2 Kg7 30. h3 Be6 31. g4 Qf4 32. Rde2 Rh8 33. Qg2 Rh4 34. Kf1 Qf6 35. Qg3 Qh6 36. Kg2 f6 37. Rd1 c5 38. Be4 b6 39. Qf3 Qh8 40. Rd3 Qd8 41. Rc2 Rh8 42. Qe2 Qd7 43. Rf3 b5 44. Rd3 c4 45. bxc4 Bxc4 46. Qf3 Rd8 47. Rd1 a6 48. Rh1 Bd5 49. h4 Bxe4 50. Qxe4 gxh4 51. Rxh4 Rh8 52. Rxh8 Kxh8 53. Qg6 Qb7+ 54. f3 e4 55. fxe4 Be5 56. Rc1 1-0

[Event "Titled Tuesday intern op 21st Feb Early"]
[Site "Chess.com INT"]
[Date "2023.02.21"]
[Round "2"]
[White "Ozkan, Ervin"]
[Black "Melikhov, Evgeny V"]
[Result "1-0"]
[WhiteElo "2179"]
[BlackElo "2269"]
[PlyCount "109"]
[EventDate "2023.02.21"]
[EventType "swiss (blitz)"]
[EventRounds "11"]
[EventCountry "USA"]
[SourceTitle "CBM 212 Extra"]
[Source "ChessBase"]
[SourceDate "2023.03.31"]
[SourceVersion "1"]
[SourceVersionDate "2023.03.31"]
[SourceQuality "1"]

1. d4 Nf6 2. Bf4 d5 3. e3 c5 4. c3 Nc6 5. Nd2 cxd4 6. exd4 Bf5 7. Qb3 Qc8 8. Ngf3 e6 9. h3 Be7 10. Be2 0-0 11. 0-0 h6 12. Rac1 a6 13. a4 Na5 14. Qa2 b5 15. axb5 axb5 16. Bxb5 Qb7 17. Qa4 Nc4 18. Qb3 Na5 19. Qa4 Nc4 20. Bc6 Rxa4 21. Bxb7 Nxb2 22. Bc6 Ra6 23. Bb5 Rb6 24. Be2 Nd3 25. Bxd3 Bxd3 26. Rfe1 Ne4 27. Nxe4 Bxe4 28. Ne5 Ra8 29. c4 f6 30. c5 Rba6 31. Nd7 Rc8 32. f3 Bd3 33. Nb6 Rc6 34. Nxd5 exd5 35. Rxe7 Ra4 36. Be3 Kf8 37. Rb7 Ba6 38. Rb2 Re6 39. Kf2 Ra3 40. Re1 Ke7 41. Rc2 Kd7 42. c6+ Rxc6 43. Rb2 Rcc3 44. Bd2 Rd3 45. Bb4 Rab3 46. Rxb3 Rxb3 47. Bc5 Bc4 48. Re7+ Kc6 49. Rxg7 Rb2+ 50. Kg3 Kb5 51. Rg6 Bf1 52. Kh2 Kc4 53. h4 Kd3 54. h5 Rc2 55. Kg1 1-0

[Event "Titled Tuesday intern op 12th Jul Late"]
[Site "Chess.com INT"]
[Date "2022.07.12"]
[Round "9"]
[White "Leisch, Lukas"]
[Black "Ozkan, Ervin"]
[Result "0-1"]
[WhiteElo "2404"]
[BlackElo "2179"]
[PlyCount "82"]
[EventDate "2022.07.12"]
[EventType "swiss (blitz)"]
[EventRounds "11"]
[EventCountry "USA"]
[SourceTitle "EXT 2023"]
[Source "ChessBase"]
[SourceDate "2022.10.05"]
[SourceVersion "1"]
[SourceVersionDate "2022.10.05"]
[SourceQuality "1"]

1. e4 e5 2. Nf3 Nf6 3. Nc3 Nc6 4. d4 exd4 5. Nxd4 Bb4 6. Nxc6 bxc6 7. Bd3 d5 8. exd5 0-0 9. 0-0 Bg4 10. Ne2 cxd5 11. h3 Bh5 12. c4 c6 13. Qc2 Rc8 14. Nf4 Bg6 15. Nxg6 hxg6 16. c5 Ba5 17. a3 Re8 18. b4 Bc7 19. Bb2 Ne4 20. Rae1 f5 21. f3 Ng3 22. Rxe8+ Qxe8 23. Qc3 Qe3+ 24. Rf2 Qe7 25. f4 Re8 26. Kh2 Ne4 27. Bxe4 fxe4 28. Qg3 g5 29. Be5 Bxe5 30. fxe5 Qxe5 31. Qxe5 Rxe5 32. Kg3 e3 33. Re2 d4 34. Kf3 Kf7 35. Re1 Ke6 36. Ke2 Rf5 37. Kd3 Kd5 38. Re2 Rf1 39. Rc2 Rd1+ 40. Ke2 Rb1 41. Ra2 Ke4 0-1

[Event "Titled Tuesday intern op 12th Jul Late"]
[Site "Chess.com INT"]
[Date "2022.07.12"]
[Round "3"]
[White "Novikova, Galina"]
[Black "Ozkan, Ervin"]
[Result "0-1"]
[WhiteElo "2073"]
[BlackElo "2179"]
[PlyCount "156"]
[EventDate "2022.07.12"]
[EventType "swiss (blitz)"]
[EventRounds "11"]
[EventCountry "USA"]
[SourceTitle "EXT 2023"]
[Source "ChessBase"]
[SourceDate "2022.10.05"]
[SourceVersion "1"]
[SourceVersionDate "2022.10.05"]
[SourceQuality "1"]

1. e4 e5 2. Nf3 Nf6 3. Nxe5 d6 4. Nf3 Nxe4 5. Nc3 Nxc3 6. dxc3 Be7 7. Be3 Nc6 8. Qd2 Be6 9. a3 Qd7 10. 0-0-0 Bf6 11. h3 h6 12. Kb1 0-0-0 13. Bb5 a6 14. Ba4 b5 15. Bb3 Bxb3 16. cxb3 Rhe8 17. Qd5 Kb7 18. Bd4 Bxd4 19. Nxd4 Re5 20. Qf3 f6 21. c4 bxc4 22. bxc4 Kb6 23. Nb3 Qf5+ 24. Qxf5 Rxf5 25. f3 Re5 26. Rd2 Rde8 27. Rhd1 a5 28. Nd4 Nxd4 29. Rxd4 Re2 30. R4d2 Rxd2 31. Rxd2 Kc5 32. b3 a4 33. Rd5+ Kc6 34. b4 Re2 35. Ra5 Rxg2 36. Rxa4 Rg3 37. Ra8 Rxf3 38. Kb2 Rxh3 39. a4 Kb7 40. Rg8 Rg3 41. a5 h5 42. b5 h4 43. Rh8 h3 44. Rh7 f5 45. Kc2 f4 46. Kd2 f3 47. Ke3 Kb8 48. Rh8+ Ka7 49. Rh7 Kb7 50. Kf2 Rg4 51. Kxf3 Rxc4 52. Rxg7 Rh4 53. Rg1 h2 54. Rh1 Rh5 55. a6+ Kb6 56. Kg2 Rxb5 57. Ra1 Rb2+ 58. Kh1 Ka7 59. Rc1 c5 60. Rd1 Rb6 61. Kxh2 Kxa6 62. Kg2 Kb5 63. Kf2 Kc6 64. Ke3 d5 65. Rh1 Rb3+ 66. Kd2 d4 67. Rh8 Kb5 68. Kc2 Kc4 69. Rh4 Rg3 70. Rh8 Rg2+ 71. Kc1 Kc3 72. Rh1 d3 73. Kb1 Rb2+ 74. Ka1 Rc2 75. Kb1 c4 76. Rf1 Rh2 77. Rg1 Kb3 78. Rd1 c3 0-1

[Event "Titled Tuesday intern op 12th Jul Late"]
[Site "Chess.com INT"]
[Date "2022.07.12"]
[Round "8"]
[White "Ozkan, Ervin"]
[Black "Martinez, Shawn"]
[Result "1-0"]
[WhiteElo "2179"]
[BlackElo "1881"]
[PlyCount "73"]
[EventDate "2022.07.12"]
[EventType "swiss (blitz)"]
[EventRounds "11"]
[EventCountry "USA"]
[SourceTitle "EXT 2023"]
[Source "ChessBase"]
[SourceDate "2022.10.05"]
[SourceVersion "1"]
[SourceVersionDate "2022.10.05"]
[SourceQuality "1"]

1. d4 g6 2. Nf3 Bg7 3. Bf4 h6 4. e3 a6 5. h3 b6 6. Nbd2 Bb7 7. a4 e6 8. Bh2 Ne7 9. Bd3 0-0 10. 0-0 d6 11. e4 Nd7 12. Qe2 Ne5 13. dxe5 d5 14. exd5 Nxd5 15. Be4 Qc8 16. c4 Nb4 17. Bxb7 Qxb7 18. Rfd1 c5 19. Ne4 Rad8 20. Nf6+ Kh8 21. h4 Nc6 22. Qe3 Ne7 23. Bf4 Nf5 24. Qe4 Qc7 25. g4 Ne7 26. Qe3 Ng8 27. Nxg8 Kxg8 28. Bxh6 Rxd1+ 29. Rxd1 Rd8 30. Rxd8+ Qxd8 31. Bxg7 Kxg7 32. h5 Qd1+ 33. Kg2 gxh5 34. Qg5+ Kf8 35. gxh5 Qxa4 36. h6 Qxc4 37. Qd8# 1-0

[Event "Titled Tuesday intern op 24th May Early"]
[Site "Chess.com INT"]
[Date "2022.05.24"]
[Round "4"]
[White "Ozkan, Ervin"]
[Black "Estrada Nieto, Julian"]
[Result "1-0"]
[WhiteElo "2197"]
[BlackElo "2263"]
[PlyCount "105"]
[EventDate "2022.05.24"]
[EventType "swiss (blitz)"]
[EventRounds "11"]
[EventCountry "USA"]
[SourceTitle "EXT 2023"]
[Source "ChessBase"]
[SourceDate "2022.10.05"]
[SourceVersion "1"]
[SourceVersionDate "2022.10.05"]
[SourceQuality "1"]

1. d4 d5 2. Bf4 Nf6 3. e3 c5 4. Nf3 Nc6 5. c3 e6 6. Nbd2 h6 7. Bb5 Nh5 8. Bg3 Nxg3 9. hxg3 Bd7 10. a4 Bd6 11. dxc5 Bxc5 12. Qe2 a6 13. Bxc6 Bxc6 14. Ne5 Rc8 15. Qg4 Qf6 16. Ndf3 Bd6 17. Qd4 0-0 18. Nxc6 Rxc6 19. Qxf6 gxf6 20. Rxh6 Kg7 21. Rh4 Rfc8 22. Kd2 Rc4 23. Rxc4 Rxc4 24. b3 Rc8 25. Re1 b5 26. axb5 axb5 27. b4 Ra8 28. Rc1 e5 29. Rc2 Ra1 30. g4 Kf8 31. g3 Ke7 32. Nh4 Ke6 33. Nf5 Bf8 34. f3 Rf1 35. Ke2 Rh1 36. Rd2 Ra1 37. Kd3 Ra3 38. Kc2 Ra2+ 39. Kc1 Ra4 40. Kb2 Bd6 41. e4 d4 42. cxd4 Bxb4 43. d5+ Kd7 44. Rc2 Bf8 45. Rc6 Rb4+ 46. Kc3 Ra4 47. Rb6 Ra3+ 48. Kb2 Rxf3 49. Rb7+ Kc8 50. Rxb5 Rf2+ 51. Kc3 Kc7 52. Ra5 Bd6 53. Ra6 1-0

[Event "Titled Tuesday intern op 24th May Early"]
[Site "Chess.com INT"]
[Date "2022.05.24"]
[Round "5"]
[White "Pakleza, Zbigniew"]
[Black "Ozkan, Ervin"]
[Result "1-0"]
[WhiteElo "2505"]
[BlackElo "2197"]
[PlyCount "101"]
[EventDate "2022.05.24"]
[EventType "swiss (blitz)"]
[EventRounds "11"]
[EventCountry "USA"]
[SourceTitle "EXT 2023"]
[Source "ChessBase"]
[SourceDate "2022.10.05"]
[SourceVersion "1"]
[SourceVersionDate "2022.10.05"]
[SourceQuality "1"]

1. d4 d5 2. Bf4 Nf6 3. e3 e6 4. Nd2 Bd6 5. Bg3 0-0 6. Ngf3 b6 7. Ne5 Bb7 8. f4 c5 9. c3 Nc6 10. Bd3 Ne7 11. Qb1 Re8 12. 0-0 Ng6 13. h3 c4 14. Bc2 b5 15. a3 a5 16. Qd1 b4 17. Ba4 Re7 18. Qf3 Ne4 19. Nxe4 dxe4 20. Qe2 Rc8 21. axb4 axb4 22. Bb5 bxc3 23. bxc3 Bxe5 24. fxe5 Bd5 25. Ra4 Rec7 26. Rb1 h6 27. Rbb4 Qg5 28. Kh2 h5 29. Bf2 Ne7 30. Ba6 Ra8 31. Bxc4 Rxa4 32. Rxa4 Bxc4 33. Rxc4 Ra7 34. Rb4 Nf5 35. Rb2 Ra1 36. g3 Nh6 37. c4 Ng4+ 38. Kg2 Qf5 39. hxg4 hxg4 40. Rd2 Qh5 41. Rd1 Qh3+ 42. Kg1 Ra3 43. d5 Kh7 44. d6 Ra8 45. d7 Rd8 46. c5 Kg6 47. Qf1 Qh5 48. c6 Rh8 49. Qg2 Qh3 50. Qxh3 gxh3 51. d8Q 1-0

[Event "Titled Tuesday intern op 24th May Early"]
[Site "Chess.com INT"]
[Date "2022.05.24"]
[Round "3"]
[White "Pham, Le Thao Nguyen"]
[Black "Ozkan, Ervin"]
[Result "0-1"]
[WhiteElo "2369"]
[BlackElo "2197"]
[PlyCount "130"]
[EventDate "2022.05.24"]
[EventType "swiss (blitz)"]
[EventRounds "11"]
[EventCountry "USA"]
[SourceTitle "EXT 2023"]
[Source "ChessBase"]
[SourceDate "2022.10.05"]
[SourceVersion "1"]
[SourceVersionDate "2022.10.05"]
[SourceQuality "1"]

1. d4 d5 2. Nf3 Nf6 3. Bf4 e6 4. e3 Bd6 5. Bg3 0-0 6. Nbd2 b6 7. Bd3 Bb7 8. 0-0 c5 9. c3 Nc6 10. Ne5 Qc7 11. f4 Ne7 12. Bh4 Ne4 13. Bxe7 Qxe7 14. Qc2 f6 15. Bxe4 dxe4 16. Nec4 f5 17. Nxd6 Qxd6 18. Nc4 Qe7 19. Ne5 Rfd8 20. Rfd1 Rac8 21. dxc5 Qxc5 22. Kf2 Kf8 23. Nd7+ Rxd7 24. Rxd7 Ba6 25. Qa4 Bb5 26. Qxa7 Bxd7 27. Qxd7 Re8 28. Rd1 Re7 29. Qd6 Qb5 30. Rd2 Kf7 31. b3 Ra7 32. c4 Qa5 33. Qd8 Re7 34. h3 Qc3 35. Rd7 Qc2+ 36. Kg3 Rxd7 37. Qxd7+ Kf6 38. Qd4+ Kf7 39. Qxb6 Qxa2 40. Qc7+ Kf6 41. Qe5+ Kf7 42. Qc3 h5 43. c5 Qe2 44. c6 h4+ 45. Kh2 g5 46. fxg5 Qf2 47. Qc1 f4 48. exf4 e3 49. c7 e2 50. g6+ Kxg6 51. Qc2+ Kh6 52. Qxe2 Qxe2 53. c8Q Qf2 54. Qh8+ Kg6 55. Qg8+ Kf6 56. Qg4 Qe3 57. Qxh4+ Kf7 58. Qh5+ Kf6 59. Qf3 Qe1 60. Qg3 Qe2 61. Qg5+ Kf7 62. Qh5+ Qxh5 63. g4 Qb5 64. Kg3 Qxb3+ 65. Kh4 Qf3 0-1

[Event "Belgrade Serbia op"]
[Site "Belgrade"]
[Date "2021.07.03"]
[Round "3"]
[White "Granovskiy, Alexandr"]
[Black "Ozkan, Ervin"]
[Result "1-0"]
[WhiteElo "2255"]
[BlackElo "2147"]
[PlyCount "78"]
[EventDate "2021.07.02"]
[EventType "swiss"]
[EventRounds "9"]
[EventCountry "SRB"]
[SourceTitle "CBM 203 Extra"]
[Source "ChessBase"]
[SourceDate "2021.09.30"]
[SourceVersion "1"]
[SourceVersionDate "2021.09.30"]
[SourceQuality "1"]

1. d4 d5 2. Nf3 Nf6 3. c4 c6 4. Qc2 dxc4 5. Qxc4 Bf5 6. g3 e6 7. Bg2 Nbd7 8. 0-0 Be7 9. Nc3 0-0 10. e3 h6 11. Qe2 Ne4 12. Nd2 Nxd2 13. Qxd2 Nf6 14. e4 Bh7 15. Rd1 Qc7 16. Qe2 Rfe8 17. Bf4 Qb6 18. Be3 Bb4 19. f3 e5 20. dxe5 Bc5 21. exf6 Bxe4 22. Kh1 Bd4 23. fxg7 Kxg7 24. Rd2 Rad8 25. Rad1 Bf6 26. Bh3 Rxd2 27. Rxd2 Qc5 28. Qd1 Bxc3 29. bxc3 Qxc3 30. Rd7 b5 31. Rd3 Qb2 32. Rd2 Qc3 33. Kg2 c5 34. Bg4 Re7 35. h4 c4 36. h5 Rc7 37. Rd8 Qf6 38. Rd6 Qe5 39. Rd5 Qf6 1-0

[Event "Veliko Gradiste Silver Lake op-A"]
[Site "Veliko Gradiste"]
[Date "2021.06.30"]
[Round "9"]
[White "Ozkan, Ervin"]
[Black "Krasteva, Beloslava"]
[Result "1-0"]
[WhiteElo "2147"]
[BlackElo "2305"]
[PlyCount "61"]
[EventDate "2021.06.23"]
[EventType "swiss"]
[EventRounds "9"]
[EventCountry "SRB"]
[SourceTitle "EXT 2022"]
[Source "ChessBase"]
[SourceDate "2021.10.06"]
[SourceVersion "1"]
[SourceVersionDate "2021.10.06"]
[SourceQuality "1"]

1. d4 Nf6 2. Nf3 e6 3. Bf4 d5 4. e3 c5 5. c3 Nc6 6. Nbd2 Bd6 7. Bg3 0-0 8. Bd3 b6 9. e4 Be7 10. e5 Nh5 11. h4 Nxg3 12. fxg3 f5 13. exf6 gxf6 14. Ng5 f5 15. Qh5 Bxg5 16. hxg5 Qc7 17. Nf3 Qf7 18. Qh4 cxd4 19. cxd4 a5 20. Rc1 Nb4 21. Bb1 Qe7 22. Qf4 Na6 23. g6 hxg6 24. Rh6 Qf6 25. Ng5 Ra7 26. Kf2 Rc7 27. Rch1 Rc4 28. Qe5 Qxg5 29. Rh8+ Kf7 30. R1h7+ Ke8 31. Rxf8+ 1-0

[Event "Veliko Gradiste Silver Lake op-A"]
[Site "Veliko Gradiste"]
[Date "2021.06.29"]
[Round "8"]
[White "Hasanzade, Toghrul Qasim Oglu"]
[Black "Ozkan, Ervin"]
[Result "1/2-1/2"]
[WhiteElo "2317"]
[BlackElo "2147"]
[PlyCount "64"]
[EventDate "2021.06.23"]
[EventType "swiss"]
[EventRounds "9"]
[EventCountry "SRB"]
[SourceTitle "EXT 2022"]
[Source "ChessBase"]
[SourceDate "2021.10.06"]
[SourceVersion "1"]
[SourceVersionDate "2021.10.06"]
[SourceQuality "1"]

1. d4 d5 2. c4 c6 3. Nc3 Nf6 4. cxd5 cxd5 5. Bf4 Nc6 6. e3 Bf5 7. Qb3 Na5 8. Bb5+ Bd7 9. Qa4 Nc6 10. Nf3 e6 11. Qd1 a6 12. Bd3 Be7 13. Bg5 h6 14. Bh4 0-0 15. 0-0 Ne4 16. Bxe7 Nxc3 17. bxc3 Qxe7 18. e4 Rac8 19. Rc1 Rfd8 20. Re1 Qa3 21. Bb1 dxe4 22. Bxe4 Na5 23. Ne5 Rxc3 24. Rxc3 Qxc3 25. Re3 Qb2 26. h3 Be8 27. g3 f5 28. Qe1 Qxd4 29. Qxa5 b6 30. Qa3 Qxe5 31. Qe7 Rd1+ 32. Kh2 Bf7 1/2-1/2

[Event "Veliko Gradiste Silver Lake op-A"]
[Site "Veliko Gradiste"]
[Date "2021.06.23"]
[Round "1"]
[White "Ozkan, Ervin"]
[Black "Ter Sahakyan, Samvel"]
[Result "0-1"]
[WhiteElo "2147"]
[BlackElo "2644"]
[PlyCount "76"]
[EventDate "2021.06.23"]
[EventType "swiss"]
[EventRounds "9"]
[EventCountry "SRB"]
[SourceTitle "CBM 203 Extra"]
[Source "ChessBase"]
[SourceDate "2021.09.30"]
[SourceVersion "1"]
[SourceVersionDate "2021.09.30"]
[SourceQuality "1"]

1. d4 Nf6 2. Nf3 d5 3. Bf4 Bf5 4. e3 e6 5. c4 Bxb1 6. Qxb1 Bb4+ 7. Kd1 0-0 8. c5 Ne4 9. Qc2 c6 10. Bd3 f5 11. Ne5 Qh4 12. Bxe4 fxe4 13. Qa4 Na6 14. a3 Bxc5 15. dxc5 Qxf2 16. Qc2 Rxf4 17. exf4 Qxf4 18. Qc3 Rf8 19. Qg3 Qxg3 20. hxg3 Rf5 21. Nd7 d4 22. Ke2 Rd5 23. Rh4 Rxd7 24. b4 e3 25. Rd1 e5 26. Re4 Rd5 27. Rf1 Nc7 28. Kd3 a5 29. Rf5 axb4 30. axb4 Na6 31. Rexe5 Nxb4+ 32. Kc4 Rxe5 33. Rxe5 d3 34. Kc3 d2 35. Re8+ Kf7 36. Rd8 Nd5+ 37. Kc2 Ke7 38. Rd6 b5 0-1

[Event "Titled Tuesday intern op 08th June"]
[Site "Chess.com INT"]
[Date "2021.06.08"]
[Round "1"]
[White "Ismayil, Malak"]
[Black "Ozkan, Ervin"]
[Result "0-1"]
[WhiteElo "1997"]
[BlackElo "2147"]
[PlyCount "122"]
[EventDate "2021.06.08"]
[EventType "swiss (blitz)"]
[EventRounds "11"]
[EventCountry "USA"]
[SourceTitle "CBM 202 Extra"]
[Source "ChessBase"]
[SourceDate "2021.07.31"]
[SourceVersion "1"]
[SourceVersionDate "2021.07.31"]
[SourceQuality "1"]

1. e4 c5 2. Nf3 e6 3. d4 cxd4 4. Nxd4 Nc6 5. Nc3 Nf6 6. Nxc6 bxc6 7. e5 Nd5 8. Ne4 Qa5+ 9. c3 Ba6 10. Bxa6 Qxa6 11. Qe2 Qxe2+ 12. Kxe2 f5 13. exf6 Nxf6 14. Nxf6+ gxf6 15. Be3 d5 16. Rhe1 a5 17. Kf1 Kd7 18. f4 Bd6 19. g3 h5 20. Bd4 Rhf8 21. Re2 e5 22. Be3 Ke6 23. Kg2 a4 24. Rae1 Rab8 25. h3 Kd7 26. Kf3 Rg8 27. Rg1 e4+ 28. Kf2 f5 29. c4 Ke6 30. cxd5+ cxd5 31. Rd2 Bb4 32. Rc2 Rgc8 33. Rgc1 Rxc2+ 34. Rxc2 Kd7 35. Bd4 Bd6 36. Rd2 Ke6 37. Rc2 Rb4 38. Ke3 h4 39. gxh4 Bxf4+ 40. Kxf4 Rxd4 41. Rc6+ Kd7 42. Rf6 Rd3 43. Ke5 e3 44. Rf7+ Ke8 45. Kf6 d4 46. Re7+ Kd8 47. Re5 Rd2 48. h5 Rh2 49. h6 Rxh3 50. Kg7 f4 51. h7 f3 52. h8Q+ Rxh8 53. Kxh8 f2 54. Rf5 e2 55. Rf8+ Ke7 56. Rxf2 e1Q 57. Rf5 Qh4+ 58. Kg7 Qg4+ 59. Kh6 Qxf5 60. b3 Qg4 61. bxa4 Kf7 0-1

[Event "Titled Tuesday intern op 08th June"]
[Site "Chess.com INT"]
[Date "2021.06.08"]
[Round "3"]
[White "Kozlov, Gennady"]
[Black "Ozkan, Ervin"]
[Result "0-1"]
[WhiteElo "2386"]
[BlackElo "2147"]
[PlyCount "42"]
[EventDate "2021.06.08"]
[EventType "swiss (blitz)"]
[EventRounds "11"]
[EventCountry "USA"]
[SourceTitle "CBM 202 Extra"]
[Source "ChessBase"]
[SourceDate "2021.07.31"]
[SourceVersion "1"]
[SourceVersionDate "2021.07.31"]
[SourceQuality "1"]

1. b3 d5 2. Bb2 Bf5 3. e3 e6 4. f4 Nf6 5. Nf3 Be7 6. Be2 0-0 7. 0-0 a5 8. Nh4 Bg6 9. a4 c5 10. d3 Nc6 11. Nd2 Re8 12. Nxg6 hxg6 13. Nf3 Ng4 14. Qd2 d4 15. e4 Ne3 16. Rfe1 e5 17. fxe5 Bg5 18. Nxg5 Qxg5 19. Bf3 Nxe5 20. Rxe3 Nxf3+ 21. Rxf3 Qxd2 0-1

[Event "Titled Tuesday intern op 08th June"]
[Site "Chess.com INT"]
[Date "2021.06.08"]
[Round "8"]
[White "Ozkan, Ervin"]
[Black "Pastar, Slaven"]
[Result "0-1"]
[WhiteElo "2147"]
[BlackElo "2366"]
[PlyCount "66"]
[EventDate "2021.06.08"]
[EventType "swiss (blitz)"]
[EventRounds "11"]
[EventCountry "USA"]
[SourceTitle "CBM 202 Extra"]
[Source "ChessBase"]
[SourceDate "2021.07.31"]
[SourceVersion "1"]
[SourceVersionDate "2021.07.31"]
[SourceQuality "1"]

1. e4 b6 2. d4 Bb7 3. Nc3 e6 4. a3 Nf6 5. Bd3 d5 6. e5 Nfd7 7. Nce2 c5 8. c3 Ba6 9. Bc2 Qc7 10. f4 cxd4 11. cxd4 Qc4 12. Nf3 Nc6 13. Be3 Rc8 14. Nc3 Na5 15. Nd2 Qc6 16. f5 exf5 17. Bxf5 Nc4 18. Nxc4 Bxc4 19. Qf3 g6 20. Bh3 Bg7 21. Qg4 h5 22. Qh4 b5 23. Kd2 0-0 24. Qe7 Rcd8 25. Rhf1 Nb6 26. Rxf7 Rxf7 27. Qxd8+ Kh7 28. e6 Rf8 29. e7 Re8 30. Bd7 Qxd7 31. Qxd7 Nxd7 32. Bg5 Bf6 33. Re1 Bxg5+ 0-1

[Event "Titled Tuesday intern op 08th June"]
[Site "Chess.com INT"]
[Date "2021.06.08"]
[Round "11"]
[White "Saraci, Nderim"]
[Black "Ozkan, Ervin"]
[Result "1-0"]
[WhiteElo "2430"]
[BlackElo "2147"]
[PlyCount "115"]
[EventDate "2021.06.08"]
[EventType "swiss (blitz)"]
[EventRounds "11"]
[EventCountry "USA"]
[SourceTitle "CBM 202 Extra"]
[Source "ChessBase"]
[SourceDate "2021.07.31"]
[SourceVersion "1"]
[SourceVersionDate "2021.07.31"]
[SourceQuality "1"]

1. d4 Nf6 2. c4 g6 3. Nc3 d5 4. Bg5 Bg7 5. Bxf6 Bxf6 6. cxd5 c6 7. dxc6 Bxd4 8. cxb7 Bxb7 9. e3 Bxc3+ 10. bxc3 Qc7 11. Qa4+ Nd7 12. Rc1 0-0 13. Nf3 Nc5 14. Qh4 Bxf3 15. gxf3 Rfd8 16. Be2 Nd3+ 17. Bxd3 Rxd3 18. 0-0 Rad8 19. c4 Qc5 20. Rb1 a6 21. Rb7 f6 22. Qe4 Kf7 23. Qh4 h5 24. Qf4 Rd1 25. Rxd1 Rxd1+ 26. Kg2 Rd6 27. Qh6 Rc6 28. Qh7+ Ke6 29. Qxg6 Qg5+ 30. Qxg5 fxg5 31. c5 Kd5 32. Rxe7 Rxc5 33. Re4 Ra5 34. a4 g4 35. Rf4 gxf3+ 36. Kxf3 Ke6 37. h4 Rc5 38. Rb4 Ra5 39. e4 Kf6 40. Kf4 Ke6 41. f3 Kd6 42. Rb6+ Kc5 43. Rh6 Kb4 44. e5 Rxa4 45. Rxh5 Kc5+ 46. Kf5 Kd5 47. Rh6 a5 48. Rd6+ Kc5 49. h5 Rh4 50. h6 a4 51. Kg5 Rh3 52. f4 Rg3+ 53. Kf5 Rh3 54. Kg6 a3 55. Ra6 Kb5 56. Ra8 Rg3+ 57. Kf7 Rh3 58. e6 1-0

[Event "Titled Tuesday intern op 01st June"]
[Site "Chess.com INT"]
[Date "2021.06.01"]
[Round "11"]
[White "Ozkan, Ervin"]
[Black "Dang, Hoang Son"]
[Result "1/2-1/2"]
[WhiteElo "2147"]
[BlackElo "2363"]
[PlyCount "145"]
[EventDate "2021.06.01"]
[EventType "swiss (blitz)"]
[EventRounds "11"]
[EventCountry "USA"]
[SourceTitle "CBM 202 Extra"]
[Source "ChessBase"]
[SourceDate "2021.07.31"]
[SourceVersion "1"]
[SourceVersionDate "2021.07.31"]
[SourceQuality "1"]

1. d4 Nf6 2. Nf3 g6 3. Bf4 Bg7 4. e3 0-0 5. h3 d6 6. Be2 c5 7. c3 Nc6 8. 0-0 Be6 9. dxc5 dxc5 10. Nbd2 Qb6 11. Qc2 Rad8 12. Nc4 Qa6 13. Nfe5 b5 14. Nxc6 Qxc6 15. Ne5 Qb6 16. a4 a6 17. axb5 axb5 18. Rfd1 c4 19. Bf3 Bf5 20. e4 Be6 21. Be3 Qc7 22. Bd4 Nh5 23. Ra7 Qd6 24. Nxg6 Bxd4 25. Nxf8 Rxf8 26. Rxd4 Qc5 27. Ra1 Nf4 28. Qd2 Ng6 29. Qe3 Kg7 30. Be2 Qe5 31. Rf1 Nf4 32. Bg4 Bxg4 33. hxg4 Qg5 34. g3 Nh3+ 35. Kg2 Qxe3 36. fxe3 Ng5 37. Rf5 Ne6 38. Rxb5 Nxd4 39. exd4 Rc8 40. g5 Kg6 41. Kf3 e6 42. Ke3 Ra8 43. d5 exd5 44. Rxd5 Rb8 45. Rd2 Kxg5 46. Rf2 Kg6 47. Kd4 Rc8 48. e5 Rc7 49. Kd5 h5 50. Kd6 Rb7 51. Kc6 Re7 52. Kd6 Rb7 53. Rf6+ Kg5 54. Rf4 Rxb2 55. Rxc4 Rb6+ 56. Ke7 Re6+ 57. Kxf7 Rxe5 58. Rd4 Re3 59. c4 Rxg3 60. c5 Rc3 61. Rd5+ Kg4 62. Ke6 h4 63. Kd6 h3 64. Rd4+ Kg5 65. Rd1 Kf4 66. c6 h2 67. c7 Kg3 68. Kd7 Rc2 69. Rd3+ Kg2 70. Rd1 h1Q 71. Rxh1 Kxh1 72. c8Q Rxc8 73. Kxc8 1/2-1/2